000 01014nam a2200277Ia 4500
003 OSt
005 20221005103455.0
006 a|||||r|||| 00| 0
007 ta
008 221004b |||||||| |||| 00| 0 hin d
020 _a9789389177145 (pbk)
_cIndian Rupees 175
024 _a46398
037 _bGift, 29/07/2019,
_cTextual
040 _aCRL
_cCRL
_bhin
041 _2hin
_ahin
082 _aO152,1N86x, Q9
100 _aअमित धर्मसिंह, ले.
245 0 _aहमारे गॉंव में हमारा क्या है!
246 _aHamāre gaॉanva mean hamārā kyā hai!
260 _aजयपुर
_bबोधि प्रकाशन भारत
_c2019
300 _a168पृ0
_ccm.
650 _a हिन्दी साहित्य
650 _aहिन्दी कविता
942 _hO152,1N86x, Q9
_cTEXL
_2cc
999 _c1010130
_d1010130